| 000 | 01414nam a2200253Ia 4500 | ||
|---|---|---|---|
| 003 | Ost | ||
| 005 | 20260507075655.0 | ||
| 008 | 260507s9999||||xx |||||||||||||| ||und|| | ||
| 040 | _cfsecg | ||
| 041 | _aara | ||
| 082 | _a658 | ||
| 100 |
_aنهال، فريد مصطفى _eمؤلف |
||
| 245 | 0 |
_aأساسيات الأعمال في ظل العولمة / _c فريد مصطفى نهال |
|
| 260 |
_aالاسكندرية: _bالمكتب الجامعي الحديث, _c2006 |
||
| 300 |
_a418 صفحة؛ _bإيضاحات ؛ _c24 سم |
||
| 504 | _aالمراجع ص.409 | ||
| 520 | _aبيئة الأعمال: التعريف بمنظمات الأعمال، قطاع الأعمال في مصر والخصخصة، المشروعات الصغيرة، الأعمال الدولية، التجارة الالكترونية، التسويق: المبادئ والمفاهيم الأساسية: سلوك المستهلك، الانتاج وادارة العمليات، ادارة الموارد البشرية، الشراء، أساسيات التمويل، نظم وتكنولوجيا المعلومات، ادارة رأس المال العامل. | ||
| 653 | _aإدارة الأعمال- العولمة | ||
| 653 | _aالتسويق | ||
| 653 | _aالموارد البشرية | ||
| 653 | _aتكنولوجيا المعلومات | ||
| 700 |
_aعباس، نبيلة _eمؤلف ثانوي |
||
| 942 | _cكتاب | ||
| 999 |
_c45679 _d45679 |
||